000 00427nam a2200133Ia 4500
008 220216s9999 xx 000 0 und d
100 _aBoatman S G
245 0 _aPreliminary physiological studies on the promotion of latex flow by plant growth regulators
260 _bJournal of the Rubber Research Institute of Malaya
_c1966
300 _a243-258
650 _aLatex flow
650 _aPlant growth regulators
942 _cJS
999 _c65501
_d65501